| 000 | 00969nam a22003017a 4500 | ||
|---|---|---|---|
| 001 | 200461157 | ||
| 003 | TR-AnTOB | ||
| 005 | 20240624143059.0 | ||
| 008 | 240624b tu ||||| |||| 00| 0 tur d | ||
| 020 | _a9789752127005 | ||
| 040 |
_aTR-AnTOB _beng _erda _cTR-AnTOB |
||
| 041 | _atur | ||
| 092 |
_a813.42 _bSER 2022 |
||
| 100 | 1 |
_aSertbarut, Miyase _eauthor. _9143887 |
|
| 245 |
_aCesaret oyunu : _bünsüz youtuberın günlüğü / _cMiyase Sertbarut ; resimleyen : Mavisu Demirağ ; editör : Elçin Kazancı |
||
| 250 | _a4. bs. | ||
| 260 |
_aİstanbul : _bAltın Kitaplar ; _c2022. |
||
| 300 |
_a152 Pages. : _bill. ; _c20 cm. |
||
| 336 |
_atext _btxt _2rdacontent |
||
| 337 |
_aunmediated _bn _2rdamedia |
||
| 338 |
_avolume _bnc _2rdacarrier |
||
| 490 |
_aÜnsüz youtuberın günlüğü _v3 |
||
| 653 | _ahikayeler | ||
| 700 | 1 |
_aDemirdağ, Mavisu _eillustrator. _9143960 |
|
| 942 |
_2ddc _cBK |
||
| 999 |
_c200461157 _d79369 |
||